000 00276nam a2200121Ia 4500
008 190216s9999||||xx |||||||||||||| ||und||
100 _aWithers Hartley
245 0 _aInternational Finance
260 _bJohn Murrary
_c1925
300 _ai84
650 _aEconomics
942 _cBK
999 _c9107
_d9107